U.S. Geological Survey programs in Missouri.

Bibliographic Details
Corporate Author: Geological Survey (U.S.)
Format: Government Document Book
Language:English
Published: [Reston, Va.] : The Survey, [1996?]
Series:Fact sheet (Geological Survey (U.S.)) ; FS-96-027.
Subjects:

MARC

Tag First Indicator Second Indicator Subfields
LEADER 00000cam a2200000 a 4500
001 in00001404498
005 20151020052247.0
008 970812s1996 vauab f000 0 eng d
010 |a gp 97066933  
035 |a (OCoLC)37453885 
035 |9 AHM3385AM 
040 |a GPO  |c GPO  |d DLC  |d MvI  |d UtOrBLW 
043 |a n-us-mo 
074 |a 0621-L 
086 0 |a I 19.127:027-96 
110 2 |a Geological Survey (U.S.) 
245 1 0 |a U.S. Geological Survey programs in Missouri. 
246 3 |a US Geological Survey programs in Missouri 
264 1 |a [Reston, Va.] :  |b The Survey,  |c [1996?] 
300 |a 4 unnumbered pages :  |b color illustrations, maps ;  |c 28 cm. 
336 |a text  |b txt  |2 rdacontent 
337 |a unmediated  |b n  |2 rdamedia 
338 |a volume  |b nc  |2 rdacarrier 
490 1 |a U.S. Geological Survey fact sheet ;  |v FS-027-96 
500 |a Caption title. 
500 |a Shipping list number: 97-0319-P. 
610 2 0 |a Geological Survey (U.S.) 
650 0 |a Water  |x Pollution  |z Missouri. 
650 0 |a Hydrogeological surveys  |z Missouri. 
650 0 |a Earth sciences  |x Research  |z Missouri. 
830 0 |a Fact sheet (Geological Survey (U.S.)) ;  |v FS-96-027. 
999 |a MARS 
999 f f |s bfbcb793-4020-3890-b83a-6ad8cbf8bdf1  |i 48413467-ba75-350b-a4d9-1eca7a0eac2a  |t 0 
952 f f |p normal  |a Texas A&M University  |b College Station  |c Sterling C. Evans Library  |d Evans: US Documents (Annex 5th floor)  |t 0  |e I 19.127:027-96  |h Superintendent of Documents classification  |i unmediated -- volume  |m A14821735879 
998 f f |a I 19.127:027-96  |t 0  |l Evans: US Documents (Annex 5th floor)